00400nam a2200133Ia 450000500170000000800410001702000150005808200130007310000180008624500420010426000270014630000180017350000750019120250624013534.0240331s9999 xx 000 0 und d a9559151010 bHUSa352 aHussain,M.S.M 0aPalath sabha saha ehi kriyakarithwaya aKandybAra Deepac1992 aXXV, 242 P ., aAn explanation and analysis of the law relating to provincial Councils